Ricostruisci la Carriera del Calciatore - Raphinha - Statistics

Statistiche generali
  • Questo quiz è stato fatto 16 volte
  • Il punteggio medio è 4 su 5
Statistiche sulle risposte
Hint Risposta % Corretto
2022- Barcellona
92%
2016-2018 Vitória Guimarães
85%
2020-2022 Leeds Utd
77%
2018-2019 Sporting Lisbona
77%
2019-2020 Rennes
69%
Nessun quiz corrispondente trovato
Distribuzione punteggi
Percentuale di utenti per punteggio
Percentile per numero di risposta
I tuoi punteggi nel tempo
Non hai fatto questo quiz